| 000 | 01151nam a2200313 a 4500 | ||
|---|---|---|---|
| 003 | CHAP | ||
| 005 | 20220329143219.0 | ||
| 008 | 070314d2006 mx 00010 spa d | ||
| 010 | _a93392 | ||
| 011 | _a94364 | ||
| 020 | _a9701347293 | ||
| 035 | _a104952 | ||
| 040 | _cCHAP | ||
| 090 | _aCD-248 | ||
| 245 | 0 | 0 |
_aAtlas : situación actual de la división político administrativa interestatal Estados Unidos Mexicanos (disco compacto) _c/por Instituto Nacional de Estadística Geografía e Informática |
| 260 |
_aAguascalientes, Ags. : _bInstituto Nacional de Estadística, Geografía e Informática, _c2006. |
||
| 300 |
_a1 disco compacto _c4 3/4 plgs. |
||
| 590 |
_aBATCH-UPD _b10 _c20130110 _lUCH01 _h1114 |
||
| 590 |
_aBATCH-UPD _b10 _c20130410 _lUCH01 _h0705 |
||
| 590 |
_aBATCH-UPD _b10 _c20130914 _lUCH01 _h0427 |
||
| 590 |
_aCONVERSION _b10 _c20130109 _lUCH01 _h1352 |
||
| 650 | 1 | 4 |
_aAtlas. _98256 |
| 650 | 1 | 4 |
_aMéxico _xMapas. _976780 |
| 710 | 2 |
_aInstituto Nacional de Estadística, Geografía e Informática. México. _959304 |
|
| 901 | _aBK | ||
| 905 | _aLilia | ||
| 942 | _cCD | ||
| 949 |
_aCD-248 _bBC _cCD _d33724002023941 _eCD _i104952 _sb |
||
| 999 |
_c93392 _d93392 |
||